000 00666nam a2200277Ia 4500
005 20260324120200.0
008 008 260324s9999 xx 000 0 eng d
020 _a9781003337461
037 _aEBOOK
040 _aCRL
040 _beng
040 _cCRL
041 _2eng
041 _aeng
084 _qCRL
100 _aK. S. Oza; R. K. Kamat; S. R. Patil
_91157563
245 0 _a'C' Programming in an Open Source Paradigm
260 _bTaylor and Francis
260 _c2015
365 _a
365 _b140
856 _uhttp://www.taylorfrancis.com/books/9781003337461
942 _cEBOOK
999 _c1748943
_d1748943